00796nam a2200277 u 450000100070000000500170000700800410002403500110006504000130007604100080008908000070009710000330010424501160013726000230025330000130027665000190028965000230030865000120033165000280034365000270037170000320039870000390043070000320046950200100050152600070051116749120260506085941.0980312s1978 ||||||m| spa  a167491 ccomduadb aspa aSF10aGarcia R., Ricardo4auteaut10aEstudio comparativo de diferentes sistemas de vacunacion contra la enfermedad de Newcastle en pollos de engorde aMedellín,c1978. a25 hojas aAves de corral 7aEnfermedades2lemb aVacunas aEnfermedad de Newcastle aPrevención y control10aHincapie N., Omar4thseths10aTrujillo A., Luis Emilio4auteaut10aPacheco M., Fabio4auteaut b48c8 a48